[Event "Caissa IM Aug 2013"]
[Site "Kecskemet HUN"]
[Date "2013.08.23"]
[Round "11.1"]
[White "Neuer,T"]
[Black "Meszaros,Gyu"]
[Result "1/2-1/2"]
[WhiteElo "2088"]
[BlackElo "2248"]

1.Nf3 Nf6 2.g3 d5 3.Bg2 e6 4.c4 Be7 5.d4 O-O 6.O-O c6 7.Qc2 Nbd7 8.b3 b6
9.Rd1 Bb7 10.Nc3 Rc8 11.e4 Ba6 12.e5  1/2-1/2

[Event "24th Porto San Giorgio Open"]
[Site "Porto San Giorgio ITA"]
[Date "2013.08.23"]
[Round "3.2"]
[White "Petkov,V"]
[Black "Eggleston,D"]
[Result "1/2-1/2"]
[WhiteElo "2552"]
[BlackElo "2363"]

1.d4 Nf6 2.c4 e6 3.g3 d5 4.Nf3 Be7 5.Bg2 O-O 6.O-O dxc4 7.Qc2 a6 8.a4 Bd7
9.Qxc4 Bc6 10.Nc3 b5 11.Qd3 b4 12.Nb1 Be4 13.Qd1 c5 14.Nbd2 Bd5 15.dxc5 Nbd7
16.Nb3 Nxc5 17.Nxc5 Bxc5 18.Ne5 b3 19.Bg5 Bxg2 20.Kxg2 Qd5+ 21.Qxd5 Nxd5
22.Nd3 Rfc8 23.Rfc1 Bf8 24.e4 Nb4 25.Nxb4 Bxb4 26.Rxc8+ Rxc8 27.Rc1 Rb8 28.Kf3 f6
29.Be3 a5 30.g4 Bd6 31.Bf4 Bxf4 32.Kxf4 Rb4 33.h4 Rxa4 34.Rc8+ Kf7 35.Rb8 Ra2
36.Rxb3 a4 37.Rb7+ Kg8 38.f3 a3 39.bxa3 Rxa3 40.g5 Ra5 41.Re7 Re5 42.Kg4 fxg5
43.hxg5 Kf8 44.Ra7 h6 45.gxh6 gxh6 46.Rh7 Rg5+ 47.Kh4 Rg6 48.f4 Kg8 49.Rb7 Kf8
50.e5 Rg1 51.Rh7 Rf1 52.Kg4 Rg1+ 53.Kf3 Rg6 54.Ra7 Kg8 55.Rd7 h5 56.Ke4 h4
57.Rd3 Rg1 58.Rh3 Re1+ 59.Kd4 Rd1+ 60.Kc5 Kf7 61.Rxh4 Ke7 62.Rh7+ Ke8 63.Ra7 Rd2
64.Ra4 Ke7 65.Kc4 Rd1 66.Kc3 Rh1 67.Kd3 Re1 68.Kd2 Rh1 69.Ke3 Rh3+ 70.Ke4 Rb3
71.Ra7+ Ke8 72.Ra4 Ke7 73.Rd4 Rb1 74.Rd3 Rf1 75.Ra3 Ke8 76.Rf3 Re1+ 77.Kd4 Ke7
78.Ra3 Rd1+ 79.Ke3 Rf1 80.Ra7+ Ke8 81.Ra4 Ke7 82.Ke2 Rb1 83.Ra7+ Ke8 84.Ra3 Ke7
85.Kf3 Rc1 86.Kg4 Rg1+ 87.Rg3 Rh1 88.Kg5 Kf7 89.Rg2 Rf1 90.Rg4 Rf2 91.Rh4 Rg2+
92.Rg4 Rf2 93.Rg1 Re2 94.Kg4 Ra2 95.Rb1 Rg2+ 96.Kf3 Ra2 97.Rb7+ Ke8 98.Kg4 Rg2+
99.Kh5 Rg1 100.Kh6 Rg4 101.Rb4 Kf7 102.Kh5 Rg1 103.Rb7+ Kf8 104.Rb2 Kf7 105.Rb7+ Kf8  1/2-1/2

[Event "12th Lichtenberger Sommer"]
[Site "Berlin GER"]
[Date "2013.08.24"]
[Round "8.62"]
[White "Rauhut,F"]
[Black "Ziems,M"]
[Result "1-0"]
[WhiteElo "1993"]
[BlackElo "1839"]

1.d4 d5 2.c4 e6 3.Nf3 Nf6 4.g3 Be7 5.Bg2 O-O 6.O-O b6 7.Ne5 Bb7 8.Nc3 Nbd7
9.Nxd7 Qxd7 10.Qc2 Rac8 11.Rd1 Ba8 12.cxd5 Nxd5 13.Nxd5 Bxd5 14.e4 Ba8 15.Bh3 f5
16.d5 Bc5 17.b4 Bxb4 18.dxe6 Qe8 19.Qb3 Bxe4 20.Rd7  1-0

[Event "TCh-SRB 1st League w 2013"]
[Site "Kragujevac SRB"]
[Date "2013.08.25"]
[Round "2.5"]
[White "Rakic,Te"]
[Black "Madzgalj,Jovana"]
[Result "1-0"]
[WhiteElo "1877"]
[BlackElo "1882"]

1.d4 d5 2.c4 e6 3.Nf3 Nf6 4.g3 Be7 5.Bg2 O-O 6.O-O dxc4 7.Ne5 c5 8.dxc5 Bxc5
9.Qxd8 Rxd8 10.Nxc4 Nbd7 11.Nc3 Re8 12.a3 Rb8 13.Nb5 a6 14.Nbd6 Bxd6 15.Nxd6 Rd8
16.Rd1 Nf8 17.Bf4 b5 18.Nxf7 Rxd1+ 19.Rxd1 Rb6 20.Bc7 Rb7 21.Bxb7 Bxb7 22.Nd8 Bd5
23.f3 Ne8 24.Ba5 Ng6 25.e4 Bc4 26.Nc6 Be2 27.Rd8 Kf7 28.Kf2 Bc4 29.Rd7+ Kf6
30.e5+ Kg5 31.Rd8 Bd5 32.Nb4 Nxe5 33.f4+  1-0

[Event "TCh-SRB 1st League w 2013"]
[Site "Kragujevac SRB"]
[Date "2013.08.26"]
[Round "3.2"]
[White "Tadic,Ka"]
[Black "Voiska,M"]
[Result "1/2-1/2"]
[WhiteElo "2076"]
[BlackElo "2261"]

1.Nf3 d5 2.d4 Nf6 3.c4 e6 4.g3 Be7 5.Bg2 O-O 6.O-O c6 7.Qc2 b6 8.Rd1 Bb7
9.Nbd2 Nbd7 10.e4 dxe4  1/2-1/2

[Event "Petersburg Summer Blitz 2013"]
[Site "St Petersburg RUS"]
[Date "2013.08.28"]
[Round "1.7"]
[White "Stupak,K"]
[Black "Khadzhiev,Valery"]
[Result "1-0"]
[WhiteElo "2492"]
[BlackElo "2107"]

1.d4 d5 2.Nf3 e6 3.c4 Nf6 4.g3 Be7 5.Bg2 O-O 6.O-O Nbd7 7.Nc3 dxc4 8.a4 c5
9.Bf4 a6 10.a5 cxd4 11.Qxd4 Bb4 12.Qxc4 Bxa5 13.Rfd1 b5 14.Qc6 Ra7 15.Ne5 Rc7
16.Qd6  1-0

[Event "13th Zug Young Masters"]
[Site "Zug SUI"]
[Date "2013.08.28"]
[Round "2.1"]
[White "Sumets,A"]
[Black "Fedorchuk,S"]
[Result "1/2-1/2"]
[WhiteElo "2577"]
[BlackElo "2669"]

1.d4 Nf6 2.c4 e6 3.g3 d5 4.Nf3 Be7 5.Bg2 O-O 6.Qc2 c5 7.dxc5 Qa5+ 8.Nc3 dxc4
9.O-O Qxc5 10.Bg5 Bd7 11.Bxf6 Bxf6 12.Ne4 Qe7 13.Qxc4 Rc8 14.Nxf6+ Qxf6 15.Qd4 Qxd4
16.Nxd4 Nc6 17.Nb5 Nd8 18.Nd6 Rc2  1/2-1/2

[Event "21st Honor to National Resistance"]
[Site "Nikaia GRE"]
[Date "2013.08.29"]
[Round "4.6"]
[White "Noutsos,S"]
[Black "Kesoglou,K"]
[Result "0-1"]
[WhiteElo "1966"]
[BlackElo "2114"]

1.d4 Nf6 2.c4 e6 3.g3 d5 4.Nf3 Be7 5.Bg2 dxc4 6.O-O O-O 7.Ne5 Nbd7 8.Nxc4 Rb8
9.Nc3 a6 10.e4 c6 11.Bf4 Ra8 12.Bd6 Bxd6 13.Nxd6 Ne8 14.Nxe8 Rxe8 15.Qb3 Qb6
16.Qxb6 Nxb6 17.Rfd1 Rb8 18.b4 Bd7 19.a4 Rbc8 20.Rab1 Red8 21.a5 Na8 22.Na4 Be8
23.Nc5 Rb8 24.d5 cxd5 25.exd5 Nc7 26.d6 Nd5 27.Bxd5 exd5 28.Rxd5 Bc6 29.Rd4 Bb5
30.Re1 Kf8 31.Re7 Rxd6 32.Rxf7+ Kxf7 33.Rxd6 Bc6 34.f4 Ke7 35.Rd2 Kf7 36.Nd7 Rc8
37.Ne5+ Ke6 38.Rc2 Kd5 39.Rc5+ Kd6 40.Kf2 Re8 41.Nc4+ Kc7 42.Re5 Rg8 43.Re7+ Kd8
44.Re5 Kd7 45.g4 Bb5 46.Nb6+ Kd6 47.Rd5+ Ke7 48.Ke3 Kf7 49.Kd4 Re8 50.Rf5+ Kg8
51.Re5 Rd8+ 52.Nd5 Rd6 53.Rf5 Bd7 54.Re5 Bxg4 55.Ke4 Bd7 56.f5 Bc6 57.Kd4 Kf7
58.Kc5 Rd7 59.Ne3 Rd2 60.Nc4 Rc2 61.Kd4 Rxh2 62.Nd6+ Kf8 63.Kc5 Rd2 64.Nc8 Rd7
65.Nd6 Re7 66.Kd4 Rxe5 67.Kxe5 Ke7 68.Nc4 h5 69.Ne3 h4 70.Kf4 h3 71.Kg3 Bg2
72.Ng4 Kd6 73.Kf4 Bd5 74.Ke3 Bf7 75.Kd4 Bh5 76.Nh2 Bd1 77.Nf1 Bc2 78.Ng3 h2
79.Kc4 Kc6  0-1

[Event "78th ch-ESP 2013"]
[Site "Linares ESP"]
[Date "2013.08.30"]
[Round "2.20"]
[White "Suarez Garcia,C"]
[Black "Silva Rodriguez,J"]
[Result "1-0"]
[WhiteElo "2321"]
[BlackElo "2198"]

1.Nf3 Nf6 2.c4 e6 3.g3 d5 4.Bg2 Be7 5.d4 O-O 6.O-O c6 7.Qc2 b6 8.Nbd2 Nbd7
9.e4 Bb7 10.e5 Ne8 11.Re1 Rc8 12.cxd5 cxd5 13.Qa4 a5 14.Bf1 Nb8 15.a3 Bc6
16.Qd1 Qd7 17.Bd3 Ba4 18.b3 Bb5 19.Bb1 Ba6 20.Nf1 Nc7 21.Ng5 Bxg5 22.Bxg5 f5
23.exf6 gxf6 24.Bh6 Rf7 25.Ne3 Nc6 26.a4 Kh8 27.Ng2 Re8 28.Nh4 e5 29.Bf5 Ne6
30.dxe5 fxe5 31.Qh5 Rf6 32.Bg7+ Qxg7 33.Qxe8+ Nf8 34.Rac1 Bb7 35.Bc8 Bxc8
36.Qxc8 Nd4 37.Rxe5 Rf7 38.Re8 Qf6 39.f4 Ne6 40.Nf3 d4 41.Ne5 Rg7 42.Nd7 Qxf4
43.Rxf8+ Nxf8 44.Qxf8+ Qxf8 45.Nxf8 Re7 46.Rc6 Kg8 47.Ne6 d3 48.Kf2 d2 49.Ke2  1-0

[Event "15th Trieste Open"]
[Site "Trieste ITA"]
[Date "2013.09.01"]
[Round "2"]
[White "Gleizerov,E"]
[Black "Eggleston,D"]
[Result "1/2-1/2"]
[WhiteElo "2567"]
[BlackElo "2363"]

1.d4 Nf6 2.c4 e6 3.g3 d5 4.Nf3 Be7 5.Bg2 O-O 6.O-O dxc4 7.Qc2 a6 8.a4 Bd7
9.Rd1 Bc6 10.Nc3 a5 11.e4 Na6 12.Ne5 Nb4 13.Qe2 Nd3 14.Nxd3 cxd3 15.Rxd3 Re8
16.Bf4 Qc8 17.Rc1 Bd8 18.Bh3 Ra6 19.Rdd1 Rb6 20.d5 Bd7 21.d6 cxd6 22.Nb5 Qa8
23.Bxd6 Rc6 24.Nc3 e5 25.Bxd7 Nxd7 26.Ba3 Nf6 27.Nd5 Qc8 28.b3 Ree6 29.Bb2 h6
30.Kg2 Rxc1 31.Rxc1 Rc6 32.Rc4 Rxc4 33.bxc4 Nd7 34.f4 exf4 35.Qg4 g6 36.gxf4 Nb6
37.Qxc8 Nxc8 38.Kf3 Nb6 39.Bf6 Bxf6 40.Nxb6 Bd4 41.Nd5 g5 42.Ne7+ Kh7 43.fxg5 hxg5
44.Kg4 Bc5 45.Nf5 Kg6 46.e5 Ba3 47.h4 gxh4 48.Nxh4+ Kg7 49.Kf5 Kf8 50.Ke4 Ke7
51.Kd5 b6 52.Nf5+ Kd7 53.Nh6 Ke7 54.Ng8+ Kd7 55.Nf6+ Ke7 56.Ne4 Kd7 57.Ng5 Ke7
58.Nf3 Kd7 59.Nd4 Bc5 60.Nb5 Bb4 61.Nd4 Ba3 62.Nf5 Bc5 63.Nh6 Ke7 64.Ng8+ Kd7
65.Nf6+ Kc7 66.Ke4 Kd8 67.Kf5 Bd4 68.Ke4 Bc5 69.Kd5 Kc7 70.Ne4 Be7 71.c5 bxc5
72.Nd2 c4 73.Nxc4 Bb4 74.Ne3 Kd7 75.Nf5 Ke8 76.Nd4 Kd7 77.Ke4 Bc3 78.Nb5 Be1
79.Kd5 Bd2 80.Nd6 Ke7 81.Ne4 Be1 82.Nc5 Bd2 83.Ke4 Be1 84.Kf5 Bc3 85.Ne4 Ba1
86.Nf6 Bd4 87.Ke4 Bf2 88.Kd5 Be1 89.Ne4 Bb4 90.Nf2 Be1 91.Nd3 Bd2 92.Nb2 Bc3
93.Nc4 Be1 94.Nb6 Bd2 95.Nc8+ Kd7 96.Nd6 Ke7 97.Nf5+ Kd7 98.Nd4 Be1 99.Ke4 Ke7
100.Kd5 Kd7 101.Nf3 Bb4 102.Ke4 Bc3 103.Kf5 Ke7 104.Nh2 Kd7 105.Kf6 Kc6 106.Ng4 Kc5
107.Kxf7 Bxe5 108.Nxe5 Kb4 109.Nc6+ Kxa4 110.Nxa5 Kxa5  1/2-1/2

[Event "15th Trieste Open"]
[Site "Trieste ITA"]
[Date "2013.09.01"]
[Round "2"]
[White "Tratar,M"]
[Black "Bosiocic,Mari"]
[Result "1/2-1/2"]
[WhiteElo "2503"]
[BlackElo "2563"]

1.Nf3 Nf6 2.c4 e6 3.g3 d5 4.Bg2 Be7 5.d4 O-O 6.O-O dxc4 7.Qc2 a6 8.Qxc4 b5
9.Qc2 Bb7 10.Bd2 Bd6 11.Rc1 Nbd7 12.a4 c5 13.dxc5 Bxc5 14.Be1 Rc8  1/2-1/2

[Event "15th Trieste Open"]
[Site "Trieste ITA"]
[Date "2013.09.01"]
[Round "3"]
[White "Postny,E"]
[Black "Rozentalis,E"]
[Result "1/2-1/2"]
[WhiteElo "2628"]
[BlackElo "2607"]

1.d4 Nf6 2.c4 e6 3.g3 d5 4.Nf3 Be7 5.Bg2 O-O 6.O-O dxc4 7.Qc2 a6 8.a4 Bd7
9.Rd1 Bc6 10.Nc3 Bxf3 11.Bxf3 Nc6 12.Bxc6 bxc6 13.a5 Qb8 14.Bg5 Qb3 15.Qxb3 cxb3
16.Ne4 Nxe4 17.Bxe7 Rfe8 18.Ba3 e5 19.Rac1 exd4 20.Rxd4 c5 21.Rd7 Rad8 22.Rxd8 Rxd8
23.f3 Nd6 24.Bxc5 Nb5 25.Be3 f6 26.Kf2 Kf7 27.Ke1 Re8 28.Bf2 f5 29.Rd1 Nd6
30.Rd3 Re5 31.Rc3 Ne8 32.Bc5 Ke6 33.Kd2 Rd5+ 34.Ke3 Nd6 35.Bxd6 cxd6 36.Rxb3 Rxa5
37.Rb7 Kf6 38.Kd4 Ra1 39.Rd7 Rd1+ 40.Kc3 a5 41.e4 fxe4 42.fxe4 h5 43.Ra7 Ra1
44.h4 g6 45.Kd4  1/2-1/2

[Event "TCh-ROU 2013"]
[Site "Mamaia ROU"]
[Date "2013.09.04"]
[Round "5.2"]
[White "Balog,I1"]
[Black "Baklan,V"]
[Result "1/2-1/2"]
[WhiteElo "2534"]
[BlackElo "2621"]

1.d4 Nf6 2.Nf3 e6 3.g3 d5 4.c4 Be7 5.Bg2 O-O 6.O-O dxc4 7.Qc2 a6 8.a4 Bd7
9.Qxc4 Bc6 10.Bg5 Nbd7 11.Bxf6 Nxf6 12.Nc3 Bd5 13.Nxd5 exd5 14.Qb3 Rb8 15.Ne5 c6
16.Rfc1 Bd6 17.Nd3 h5 18.Qd1 Qe7 19.Rab1 h4 20.Qe1 hxg3 21.hxg3 Rfe8 22.Rc2 Ne4
23.b4 Qg5 24.Qc1 Qg6 25.Rb3 Nxg3 26.fxg3 Qxg3 27.Nc5 Qg4 28.e3 Re7 29.Rf2 Rbe8
30.Rf3 b6 31.Nd3 Re6 32.Nf2 Qg5 33.Nh3 Qg4 34.Qf1 Rh6 35.Rb2 b5 36.a5 Ree6
37.Qe2 Bg3 38.Nf2 Qg5 39.Nh3 Qg4 40.Nf2 Qg5 41.Nh3 Qh4  1/2-1/2

[Event "78th ch-ESP 2013"]
[Site "Linares ESP"]
[Date "2013.09.05"]
[Round "8.18"]
[White "Sos Andreu,E"]
[Black "Suarez Garcia,C"]
[Result "1-0"]
[WhiteElo "2229"]
[BlackElo "2321"]

1.d4 Nf6 2.c4 e6 3.g3 d5 4.Nf3 Be7 5.Bg2 O-O 6.O-O dxc4 7.Ne5 Nc6 8.Bxc6 bxc6
9.Nxc6 Qe8 10.Nxe7+ Qxe7 11.Qa4 e5 12.dxe5 Qxe5 13.Nc3 Qe6 14.Bf4 Bb7 15.f3 Rfe8
16.e4 Nd7 17.Rad1 Qb6+ 18.Rf2 Nc5 19.Qxc4 Ne6 20.Bc1 Ba6 21.Qa4 c6 22.Kg2 h5
23.h4 Bb7 24.Re2 a5 25.Be3 Qb4 26.Red2 Rac8 27.a3 Qxa4 28.Nxa4 Ba6 29.Bb6 Bb5
30.Nc3 a4 31.Bf2 Rb8 32.Rd7 Red8 33.Rxd8+ Nxd8 34.Rd4 Ne6 35.Rb4 Nc7 36.Nxa4 Na6
37.Rd4 c5 38.Rd6 Bxa4 39.Rxa6 Bd7 40.Rd6 Be6 41.Rd2 c4 42.Bc5 Kh7 43.Bb4 g6
44.Bc3 Kh6 45.a4 g5 46.hxg5+ Kxg5 47.f4+ Kh6 48.Rd6 Kh7 49.f5  1-0

[Event "15th Trieste Open"]
[Site "Trieste ITA"]
[Date "2013.09.07"]
[Round "9"]
[White "Srebrnic,V"]
[Black "Pregarac,V"]
[Result "1-0"]
[WhiteElo "2202"]
[BlackElo "2135"]

1.g3 Nf6 2.Bg2 d5 3.Nf3 e6 4.d4 Be7 5.c4 O-O 6.O-O c6 7.Qc2 b6 8.Rd1 Bb7
9.Nc3 Nbd7 10.e4 Rc8 11.Ne5 Qc7 12.Bf4 Nxe5 13.Bxe5 Qd7 14.Qa4 dxc4 15.Qxc4 Rfd8
16.Qe2 Qe8 17.Rac1 Nd7 18.Bf4 c5 19.d5 e5 20.Be3 Bd6 21.Bh3 Ra8 22.Nb5 Qe7
23.a4 h6 24.Ra1 Nf6 25.f3 Ne8 26.a5 Kh7 27.Ra4 Bc7 28.Rda1 Nd6 29.a6 Bc8
30.Bxc8 Rdxc8 31.Nxd6 Bxd6 32.Qb5 Rc7 33.Rc4 Rac8 34.Rac1 g6 35.Kg2 f5 36.R4c2 Qf7
37.Qd3 Qd7 38.b3 Rf8 39.Bd2 fxe4 40.Qxe4 Qf5 41.Be3 Qc8 42.Qh4 h5 43.Qc4 Qf5
44.Qe4 Qc8 45.Qd3 Rcf7 46.Rf2 Qd7 47.h3 Be7 48.Rd1 Rf6 49.Qe4 Qf5 50.Qxf5 gxf5
51.Bg5 R6f7 52.Bxe7 Rxe7 53.d6 Rd7 54.Re2 Re8 55.Rd5 Kg6 56.f4 e4 57.g4 hxg4
58.hxg4 fxg4 59.Kg3 Kf6 60.Rh5 Re6 61.Rh6+ Kf5 62.Rxe6 Kxe6 63.Rxe4+ Kf5
64.Re5+ Kf6 65.Kxg4 Rxd6 66.Rh5 Rd1 67.Rh7 Rg1+ 68.Kf3 Rb1 69.Rxa7 Rxb3+
70.Ke4 Ra3 71.Kd5 c4 72.Kxc4 Ra4+ 73.Kb5 Rxf4 74.Rb7 Rf1 75.Rxb6+ Ke7 76.a7 Ra1
77.Ra6 Rb1+ 78.Kc4  1-0

[Event "15th Trieste Open"]
[Site "Trieste ITA"]
[Date "2013.09.07"]
[Round "9"]
[White "Gleizerov,E"]
[Black "Oparin,G"]
[Result "1/2-1/2"]
[WhiteElo "2567"]
[BlackElo "2504"]

1.d4 d5 2.c4 e6 3.Nf3 Nf6 4.g3 Be7 5.Bg2 O-O 6.O-O dxc4 7.Qc2 a6 8.a4 Bd7
9.Rd1 Bc6 10.Bg5 Nbd7 11.Qxc4 Bd5 12.Qc2 Be4 13.Qc1 h6 14.Bxf6 Nxf6 15.Nc3 Bh7
16.Ne5 c6 17.a5 Qc7 18.Nc4 Rad8 19.e4 Bb4 20.e5 Nd5 21.Be4 Bxe4 22.Nxe4 Qe7
23.Qc2 Rd7 24.Ncd6 Bxd6 25.exd6 Rxd6 26.Nxd6 Qxd6 27.Ra3  1/2-1/2

[Event "6th Sabadell Open"]
[Site "Sabadell ESP"]
[Date "2013.09.10"]
[Round "9.14"]
[White "Castells Briones,M"]
[Black "Nadal Fajardo,Ricard"]
[Result "1-0"]
[WhiteElo "1988"]
[BlackElo "1962"]

1.d4 Nf6 2.g3 d5 3.c4 e6 4.Nf3 Be7 5.Bg2 O-O 6.O-O c6 7.Qc2 Ne4 8.Nbd2 f5
9.Ne5 Nd7 10.Ndf3 Bf6 11.b3 Nxe5 12.Nxe5 Bxe5 13.dxe5 b6 14.f3 Ng5 15.Rd1 Nf7
16.Bb2 Bb7 17.Rd2 Rc8 18.Rad1 Qc7 19.Qc3 Rfd8 20.e4 fxe4 21.fxe4 dxe4 22.Rd6 Nxd6
23.exd6 Qf7 24.Rf1 Qg6 25.Bxe4 Qg5 26.h4 Qc5+ 27.Kh2 Rd7 28.Qf3 Qxd6 29.Qh5 Qd2+
30.Kh3 Qh6 31.Qe5 Rcd8 32.Bc1 Rd2 33.Rf2 Bc8 34.Bxc6 Rxf2 35.Bxh6 gxh6 36.Be4 Rdd2
37.Kg4 Rde2 38.Bxh7+ Kxh7 39.Qc7+ Kg6 40.h5+ Kf6 41.Qxc8 Kg7 42.Qd7+ Rf7
43.Qd3 Rg2 44.Qg6+ Kf8 45.Kh3 Rxa2 46.Qxh6+ Ke7 47.Qg5+ Kd7 48.h6 Ra1 49.Qg7 Rf1
50.Qd4+ Ke8 51.Qe4 R1f6 52.Qa8+ Ke7 53.Qxa7+ Ke8 54.Qb8+ Ke7 55.Qc7+ Ke8
56.Qxb6 Rxh6+ 57.Kg2 Rd7 58.Qe3 Rf6 59.c5 Kd8 60.b4 Rd5 61.c6 Kc7 62.Qc3 Rff5
63.Qc4 Rd2+ 64.Kh3 Rd6 65.b5 Rdd5 66.b6+ Kb8 67.Qa6  1-0

[Event "Faergen Cup 2013"]
[Site "Allinge DEN"]
[Date "2013.09.14"]
[Round "7.2"]
[White "Sloth,J"]
[Black "Karason,A"]
[Result "0-1"]
[WhiteElo "2330"]
[BlackElo "2205"]

1.d4 Nf6 2.Nf3 e6 3.g3 d5 4.Bg2 Be7 5.c4 O-O 6.Qc2 dxc4 7.Qxc4 a6 8.Qc2 c5
9.dxc5 Qa5+ 10.Bd2 Qxc5 11.Qxc5 Bxc5 12.Ne5 Nfd7 13.Nd3 Bd4 14.Bc3 Nc6 15.Bxc6 Bxc3+
16.Nxc3 bxc6 17.Na4 a5 18.Kd2 Rd8 19.Rhc1 Ba6 20.Nac5 Nxc5 21.Rxc5 Bxd3 22.exd3 Rd6
23.Rac1 Ra6 24.R1c4 a4 25.Rb4 Ra8 26.Rb6 f5 27.Rbxc6 Rxc6 28.Rxc6 Kf7 29.d4 g5
30.Kc3 h5 31.Kb4 h4 32.Ka3 h3 33.Rc4 Rd8 34.Kxa4 e5 35.Kb3 e4 36.Kc3 f4 37.d5 e3
38.fxe3 fxg3 39.Kd4 gxh2 40.Ke4  0-1

[Event "1st League Cent-SRB 2013"]
[Site "Kragujevac SRB"]
[Date "2013.09.18"]
[Round "7.5"]
[White "Krstic,Ra"]
[Black "Cvetanovic,U"]
[Result "1/2-1/2"]
[WhiteElo "2203"]
[BlackElo "2258"]

1.Nf3 Nf6 2.g3 e6 3.c4 d5 4.Bg2 Be7 5.d4 O-O 6.Qc2 c6 7.O-O Nbd7 8.Nbd2 c5
9.b3 b6 10.Bb2 Bb7 11.Rac1 Qc7 12.Rfd1 Bd6 13.cxd5 exd5 14.Qf5  1/2-1/2

[Event "TCh-CRO 2a Liga 2013"]
[Site "Bol CRO"]
[Date "2013.09.20"]
[Round "7.3"]
[White "Tratar,M"]
[Black "Horvath,Cs1"]
[Result "1/2-1/2"]
[WhiteElo "2503"]
[BlackElo "2524"]

1.Nf3 d5 2.d4 Nf6 3.c4 e6 4.g3 Be7 5.Bg2 O-O 6.O-O c6 7.Qc2 b6 8.Nbd2 Bb7
9.e4 Na6 10.cxd5 cxd5 11.e5 Nb4 12.Qb3 Ne4 13.a3 Nc6 14.Qe3 Nxd2  1/2-1/2

[Event "e2e4 Bedford Open 2013"]
[Site "Bedford ENG"]
[Date "2013.09.21"]
[Round "3"]
[White "Gormally,D"]
[Black "Batchelor,Peter J"]
[Result "1-0"]
[WhiteElo "2512"]
[BlackElo "2132"]

1.d4 d5 2.c4 e6 3.Nf3 Nf6 4.g3 Be7 5.Bg2 O-O 6.O-O dxc4 7.Nc3 Nc6 8.e3 Rb8
9.Qa4 Bb4 10.Ne5 Nxe5 11.dxe5 Bxc3 12.bxc3 Nd5 13.Qxc4 Qe7 14.Qb3 c5 15.e4 Nb6
16.a4 Qc7 17.f4 Nd7 18.Qd1 b6 19.Qd6 Qxd6 20.exd6 Ba6 21.Re1 Bc4 22.a5 b5
23.a6 f6 24.e5 fxe5 25.fxe5 Rb6 26.Bg5 Rf5 27.Bd8 Rb8 28.Bc7 Rbf8 29.Bc6 R8f7
30.Rab1 g5 31.Bxb5 Bxb5 32.Rxb5 Nxe5 33.Re2 g4 34.Rb1 Nf3+ 35.Kg2 Rd5 36.Bb8 e5
37.h3 h5 38.hxg4 hxg4 39.Rb7 c4 40.Rxf7 Kxf7 41.Bxa7 Rxd6 42.Ra2 Rd8 43.Bg1 Nxg1
44.Kxg1 Ke6 45.a7 Ra8 46.Kf2 Kd6 47.Ke3 Kc6 48.Ke4 Kb7 49.Kxe5 Re8+  1-0

[Event "1st League Cent-SRB 2013"]
[Site "Kragujevac SRB"]
[Date "2013.09.21"]
[Round "10.6"]
[White "Ilic,Zo1"]
[Black "Radovanovic,D"]
[Result "1/2-1/2"]
[WhiteElo "2285"]
[BlackElo "2377"]

1.d4 Nf6 2.c4 e6 3.g3 d5 4.Nf3 Be7 5.Bg2 O-O 6.O-O c6 7.Qc2 b6 8.Rd1 Bb7
9.b3 Nbd7 10.Nc3 Qc8 11.e4 Nxe4 12.Nxe4 dxe4 13.Qxe4 c5 14.Qe2 cxd4 15.Nxd4 Bxg2
16.Kxg2 Bf6 17.Rb1 Rd8  1/2-1/2

[Event "TCh-NOR Club 2013"]
[Site "Fagernes NOR"]
[Date "2013.09.28"]
[Round "3.1"]
[White "Hammer,J"]
[Black "Evensen,T"]
[Result "1-0"]
[WhiteElo "2605"]
[BlackElo "2073"]

1.d4 d5 2.c4 e6 3.Nf3 Nf6 4.g3 Be7 5.Bg2 O-O 6.O-O b6 7.cxd5 exd5 8.Nc3 Bb7
9.Qb3 Nbd7 10.Rd1 Re8 11.Ne5 c6 12.e4 Bf8 13.exd5 cxd5 14.Nxd5 Bxd5 15.Bxd5 Nxd5
16.Qxd5 Nxe5 17.dxe5 Qe7 18.Re1 Rad8 19.Qb3 Qb7 20.e6 fxe6 21.Rxe6 Kh8 22.Bg5 Rxe6
23.Qxe6 Qd5 24.Qxd5 Rxd5 25.Be3 Kg8 26.Rc1 Rd7 27.g4 g6 28.Kg2 Kf7 29.Rc6 Bg7
30.b3 Be5 31.h3 Re7 32.Kf3 Ke8 33.Bg5 Rf7+ 34.Ke4 Kd7 35.Rc2 Bd6 36.f4 Rf8
37.Rd2 Re8+ 38.Kf3 Kc6 39.Bh4 Rf8 40.Bg3 Rf7 41.Rd1 b5 42.f5 Bc5 43.Ke4 gxf5+
44.gxf5 Rg7 45.Rd3 Rg8 46.f6 Rg5 47.Rc3  1-0

[Event "3rd Holuj-Radzikowska Mem"]
[Site "Wroclaw POL"]
[Date "2013.09.29"]
[Round "2"]
[White "Guramishvili,S"]
[Black "Michna,Mart"]
[Result "1-0"]
[WhiteElo "2431"]
[BlackElo "2385"]

1.c4 e6 2.g3 d5 3.Bg2 Nf6 4.Nf3 Be7 5.d4 O-O 6.O-O c6 7.Qc2 Nbd7 8.Nbd2 b6
9.e4 Bb7 10.e5 Ne8 11.cxd5 exd5 12.Rd1 Nc7 13.Nf1 Ne6 14.Ne3 g6 15.h4 Rc8
16.Ng4 c5 17.Bh6 Re8 18.Qd2 cxd4 19.Nxd4 Nxd4 20.Qxd4 Rc4 21.Qxc4 dxc4 22.Bxb7 Qc7
23.Bd5 Nf8 24.Rd4 b5 25.Rad1 Rc8 26.Bf4 Qb6 27.Nh6+ Kg7 28.Nxf7 Ne6 29.Bxe6 Qxe6
30.Ng5 Bxg5 31.hxg5 Rc7 32.Rd6 Qf5 33.e6 Re7 34.R1d5 Qb1+ 35.Kh2 Qf1 36.Be3  1-0

[Event "Tatry Open 2013"]
[Site "Tatranske Zruby SVK"]
[Date "2013.10.01"]
[Round "4.11"]
[White "Pribyl,Jo"]
[Black "Steiner,B"]
[Result "1/2-1/2"]
[WhiteElo "2314"]
[BlackElo "2143"]

1.Nf3 d5 2.d4 Nf6 3.g3 e6 4.Bg2 Be7 5.c4 c6 6.Nbd2 Nbd7 7.O-O O-O 8.b3 b6
9.Bb2 a5 10.Qc2 Ba6 11.e4 Rc8 12.e5 Ne8 13.Rfd1 Nc7 14.Rac1 c5 15.Qb1 cxd4
16.Bxd4 Ba3 17.Bb2 Bxb2 18.Qxb2 Nc5 19.Nf1 f6 20.Ne3 Bb7 21.exf6 Qxf6 22.Qxf6 gxf6
23.Nd4 Rcd8 24.cxd5 exd5 25.a3 Rf7 26.b4 axb4 27.axb4 Ne4 28.Rxc7 Rxc7 29.Ne6 Rdc8
30.Nxc7 Rxc7 31.Nxd5 Bxd5 32.Rxd5 Rc1+ 33.Bf1 Rb1 34.b5 Rb2 35.Rf5 Kg7 36.Kg2 Nd6
37.Rd5 Ne4 38.Rd7+ Kh6 39.Rd4 f5 40.Kg1 Rxf2 41.Rxe4 Rxf1+ 42.Kxf1 fxe4 43.Ke2 Kg5
44.h3 Kf5 45.Ke3 Ke5 46.g4 Kd5 47.Ke2 Ke5 48.Ke3 Kd5 49.Ke2 Ke5 50.Ke3 Kd5  1/2-1/2

[Event "23rd EYCC Open U16 2013"]
[Site "Budva MNE"]
[Date "2013.10.02"]
[Round "4.13"]
[White "Kobo,Ori"]
[Black "Hovhannisyan,Karen"]
[Result "1-0"]
[WhiteElo "2274"]
[BlackElo "2123"]

1.d4 Nf6 2.c4 e6 3.g3 d5 4.Nf3 Be7 5.Bg2 c6 6.Qc2 Nbd7 7.O-O O-O 8.Nbd2 b6
9.e4 Bb7 10.e5 Ne8 11.cxd5 cxd5 12.Re1 Rc8 13.Qa4 a6 14.Bf1 b5 15.Qb3 Nb6
16.Bd3 Nc4 17.Bb1 Qd7 18.Qd3 g6 19.Nf1 Ng7 20.Qe2 b4 21.Bd3 a5 22.b3 Na3
23.Ne3 h5 24.g4 Rc7 25.gxh5 Nxh5 26.Ng4 Rfc8 27.Bg5 Qd8 28.Bxe7 Qxe7 29.Qd2 Nc2
30.Bxc2 Rxc2 31.Qh6 Qf8 32.Qg5 R8c3 33.Nh4 Kh7 34.Ne3 Rd2 35.Nf3 Rdd3 36.Kh1 Rc7
37.Rg1 Rdc3 38.Qh4 Ba6 39.h3 Bd3 40.Kh2 Kh8 41.Ng4 Bf5 42.Ng5 Rd3 43.Nf6 Rcc3
44.Rg4 Qg7 45.Nxh5 gxh5 46.Qxh5+ Kg8 47.Rag1 Bg6 48.Qh4 Qf8 49.f3 Rc2+ 50.R1g2 Rdd2
51.Rxd2 Rxd2+ 52.Kg3 Rd1 53.Nxe6 Rg1+ 54.Kf2 Rxg4 55.Qxg4 Qc8 56.Nc5 Qf8
57.f4 Qh6 58.Nd7 Kh8 59.Nf6  1-0

[Event "Grand Open Blagoevgrad 2013"]
[Site "Blagoevgrad BUL"]
[Date "2013.10.03"]
[Round "8.9"]
[White "Spassov,L"]
[Black "Evstatiev,G"]
[Result "1-0"]
[WhiteElo "2327"]
[BlackElo "2147"]

1.d4 d5 2.c4 e6 3.Nf3 Nf6 4.g3 Be7 5.Bg2 O-O 6.O-O Nbd7 7.Qc2 c6 8.b3 Re8
9.Nc3 Bd6 10.Rd1 Qe7 11.Bb2 Nf8 12.e4 Nxe4 13.Nxe4 dxe4 14.Qxe4 Bd7 15.c5 Bc7
16.b4 Rad8 17.Bf1 Ng6 18.Re1 b6 19.Rac1 b5 20.h4 f5 21.Qc2 f4 22.h5 fxg3
23.hxg6 Rf8 24.gxh7+ Kh8 25.Bg2 Rxf3 26.Bxf3 Rf8 27.Re3 Qg5 28.Kf1 g2+ 29.Kg1 Rf6
30.Bxg2 Rg6 31.Qe4 Bf4 32.Rcc3 Bxe3 33.Rxe3 Qh5 34.Qf3 Qh4 35.Qf7  1-0

[Event "23rd EYCC Open U16 2013"]
[Site "Budva MNE"]
[Date "2013.10.03"]
[Round "5.12"]
[White "Bellahcene,B"]
[Black "Garriga Cazorla,Pere"]
[Result "1/2-1/2"]
[WhiteElo "2319"]
[BlackElo "2233"]

1.d4 Nf6 2.c4 e6 3.g3 d5 4.Nf3 Be7 5.Bg2 O-O 6.O-O dxc4 7.Qc2 a6 8.a4 Nc6
9.Qxc4 Qd5 10.Qxd5 exd5 11.Bf4 Na5 12.Nbd2 c6 13.Bc7 Bb4 14.Bxa5 Bxa5 15.Nb3 Bb4
16.a5 Re8 17.e3 Bf5 18.Rfc1 Re7 19.Nc5 Be4 20.Ra4 Bxc5 21.Rxc5 Bxf3 22.Bxf3 Ne8
23.Be2 Nd6 24.Ra3 Rae8 25.Kg2 f5 26.Bd3 g6 27.h4 Kg7 28.Rb3 Ra8 29.Rb6 Nc8
30.Rb4 Nd6 31.Rb6 Nc8 32.Rb4 Nd6 33.Rb6  1/2-1/2

[Event "39th National ch-BAN"]
[Site "Dhaka BAN"]
[Date "2013.10.03"]
[Round "11.3"]
[White "Islam,Kh"]
[Black "Islam,MdH"]
[Result "1-0"]
[WhiteElo "2287"]
[BlackElo "2020"]

1.d4 d5 2.c4 e6 3.Nf3 Nf6 4.g3 Be7 5.Bg2 O-O 6.O-O b6 7.Qc2 Bb7 8.cxd5 exd5
9.Nc3 c5 10.Rd1 Qc8 11.Bf4 Nc6 12.Rac1 a6 13.dxc5 bxc5 14.a3 c4 15.e4 dxe4
16.Nxe4 Na5 17.Nd4 Nxe4 18.Bxe4 Bxe4 19.Qxe4 Re8 20.Qd5 Bc5 21.Nf5 Rd8 22.Qe5 Rxd1+
23.Rxd1 Qf8 24.Qd5 Rc8 25.Be5 g6 26.Bg7 Qe8 27.Bc3 Nb3 28.Nh6+ Kf8 29.Re1 Be7
30.Qe5 f6 31.Qe6 Kg7 32.Ng4 Kf8 33.Nxf6 Bxf6 34.Qxf6+ Qf7 35.Qh8+ Qg8 36.Bb4+ Nc5
37.Qe5  1-0

[Event "39th National ch-BAN"]
[Site "Dhaka BAN"]
[Date "2013.10.05"]
[Round "13.5"]
[White "Chatterjee,D"]
[Black "Mohammad,J"]
[Result "0-1"]
[WhiteElo "2249"]
[BlackElo "2197"]

1.d4 Nf6 2.c4 e6 3.g3 d5 4.Nf3 Be7 5.Bg2 O-O 6.O-O dxc4 7.Qc2 a6 8.Qxc4 b5
9.Qc2 Bb7 10.Bd2 Be4 11.Qc1 Bb7 12.Bf4 Bd6 13.Nbd2 Nbd7 14.Nb3 a5 15.Rd1 Bxf4
16.Qxf4 a4 17.Nc5 Nxc5 18.dxc5 Qe7 19.Rac1 Bd5 20.Ne5 Ra6 21.Bxd5 exd5 22.c6 Qe6
23.Qd4 Re8 24.f4 h6 25.Kg2 Ng4 26.Rd2 Nxe5 27.Qxe5 Rxc6 28.Qxe6 Rcxe6 29.Kf2 c6
30.a3 Kf8 31.Rc5 Ke7 32.Rdc2 Kd7 33.R5c3 f5 34.h4 Rg6 35.Rc5 Re4 36.R5c3 Rge6
37.Rc5 g6 38.R5c3 Kc7 39.Rc5 Kb6 40.R5c3 d4 41.Rd3 c5 42.Rd1 h5 43.Rd3 c4
44.Rdd2 Kc5 45.Rc1 Re3 46.Rcd1 R6e4 47.Rc1 c3 48.bxc3 Rxc3 49.Ra1 Ree3 50.Rad1 Rc4
51.Ra1 Rb3  0-1